<?xml version="1.0" encoding="UTF-8"?>
<collection xmlns="http://www.loc.gov/MARC21/slim">
 <record>
  <leader>02649nam a2200229Ia 4500</leader>
  <controlfield tag="001">CTU_236058</controlfield>
  <controlfield tag="008">210402s9999    xx            000 0 und d</controlfield>
  <datafield tag="082" ind1=" " ind2=" ">
   <subfield code="a">629.892</subfield>
  </datafield>
  <datafield tag="082" ind1=" " ind2=" ">
   <subfield code="b">L451</subfield>
  </datafield>
  <datafield tag="088" ind1=" " ind2=" ">
   <subfield code="a">8520216</subfield>
  </datafield>
  <datafield tag="100" ind1=" " ind2=" ">
   <subfield code="a">Phan, Thanh Lộc</subfield>
  </datafield>
  <datafield tag="245" ind1=" " ind2="0">
   <subfield code="a">Điều khiển robot song song dùng mạng nơ-ron mờ :</subfield>
  </datafield>
  <datafield tag="245" ind1=" " ind2="0">
   <subfield code="b">Luận văn tốt nghiệp cao học.  Ngành kỹ thuật điều khiển và tự động hóa</subfield>
  </datafield>
  <datafield tag="245" ind1=" " ind2="0">
   <subfield code="c">Phan Thanh Lộc ; Nguyễn Chí Ngôn (Cán bộ hướng dẫn)</subfield>
  </datafield>
  <datafield tag="260" ind1=" " ind2=" ">
   <subfield code="a">Cần Thơ</subfield>
  </datafield>
  <datafield tag="260" ind1=" " ind2=" ">
   <subfield code="b">Trường Đại Học Cần Thơ</subfield>
  </datafield>
  <datafield tag="260" ind1=" " ind2=" ">
   <subfield code="c">2020</subfield>
  </datafield>
  <datafield tag="520" ind1=" " ind2=" ">
   <subfield code="a">Hiện nay việc điều khiển robot song song là chủ đề được nhiều nhà nghiên cứu quan tâm và phát triển. Đề tài trình bày ứng dụng của bộ điều khiển PID thích nghi một nơ-ron trên cơ sở mạng nơ-ron mờ hồi quy để nhận dạng đối tượng, dùng để điều khiển robot song song 3 bậc tự do. Mỗi cánh tay robot cần một bộ điều khiển và một bộ nhận dạng. Bộ điều khiển được đề xuất là PID thích nghi một nơ-ron tuyến tính, với trọng số của mạng nơ-ron chính là Kp, Ki và Kd, có thể cập nhật trực tuyến trong quá trình điều khiển. Thuật toán huấn luyện trực tuyến cần thông tin về độ nhạy của đối tượng, còn gọi là thông tin Jacobian. Mạng nơ-ron mờ hồi quy được đề xuất để nhận dạng độ nhạy của đối tượng và trả về thông tin Jacobian để cập nhật các thông số của bộ điều khiển PID thích nghi một nơ-ron. Kết quả mô phỏng trên MATLAB/Simulink cho thấy: (i) Bộ nhận dạng mạng nơ-ron mờ hồi quy có thể nhận dạng đúng ngõ ra của đối tượng và trả về thông tin Jabobian hữu ích; (ii) Bộ điều khiển PID một nơ-ron thích nghi được đề xuất cho đáp ứng tốt hơn so với bộ điều khiển PID truyền thống với thời xác lập là 0.3±0.1 (s) và triệt tiêu được sai số xác lập.</subfield>
  </datafield>
  <datafield tag="650" ind1=" " ind2=" ">
   <subfield code="a">Robots,Robots</subfield>
  </datafield>
  <datafield tag="650" ind1=" " ind2=" ">
   <subfield code="x">Chương trình,Programming</subfield>
  </datafield>
  <datafield tag="910" ind1=" " ind2=" ">
   <subfield code="a">Tuyến</subfield>
  </datafield>
  <datafield tag="980" ind1=" " ind2=" ">
   <subfield code="a">Trung tâm Học liệu Trường Đại học Cần Thơ</subfield>
  </datafield>
 </record>
</collection>
